Business Torts A Practical Guide to Litigation /

Detalles Bibliográficos
Autor principal: Nelson, Bradley P.
Otros Autores: Teeters, Jeffrey R.
Formato: eBook
Lenguaje:inglés
Publicado: Chicago: American Bar Association, 2014
Materias:
Acceso en línea:Acceso restringido

MARC

LEADER 00000nam a22000007a 4500
005 2021022606566.0
007 cr|||| ||||
008 210226s2014 us |||||s|||| 00||0 eng d
020 |a 978-1-62722-612-7 
035 |a 33065 
040 |a vLex 
090 |c 11306  |d 11306 
100 1 |a Nelson, Bradley P. 
245 1 0 |a Business Torts  |h [Recurso electrn̤ico] :  |b A Practical Guide to Litigation /  |c Bradley P. Nelson, Jeffrey R. Teeters 
256 |a Servicio en ln̕ea 
260 |a Chicago:  |b American Bar Association,  |c 2014 
300 |a 1 recurso electrn̤ico 
506 1 |a Disponible solo en los productos indicados  |d vLex Global  |d vLex Global (Academic Edition, excluding Law Schools)  |d vLex Global (Academic Edition, Law Schools) 
650 0 4 |a Derecho Mercantil y de la Empresa  |z Estados Unidos 
700 1 |a Teeters, Jeffrey R. 
740 0 |a vLex Libros (Servicio en ln̕ea) 
856 4 0 |u http://vlex.com/source/business-torts-practical-guide-litigation-33065  |z Acceso restringido 
942 |c BOOK 
999 0 |a Commercial and Company Law